MARC details
| 000 -LEADER |
| fixed length control field |
02172cam a2200409Ia 4500 |
| 001 - CONTROL NUMBER |
| control field |
ocm77484429 |
| 003 - CONTROL NUMBER IDENTIFIER |
| control field |
OCoLC |
| 005 - DATE AND TIME OF LATEST TRANSACTION |
| control field |
20210303085352.0 |
| 006 - FIXED-LENGTH DATA ELEMENTS--ADDITIONAL MATERIAL CHARACTERISTICS |
| fixed length control field |
m d |
| 007 - PHYSICAL DESCRIPTION FIXED FIELD--GENERAL INFORMATION |
| fixed length control field |
cr cn||||||||| |
| 008 - FIXED-LENGTH DATA ELEMENTS--GENERAL INFORMATION |
| fixed length control field |
061227s2005 ne ob 000 0 eng d |
| 020 ## - INTERNATIONAL STANDARD BOOK NUMBER |
| International Standard Book Number |
9781849503631 (electronic bk.) : |
| Terms of availability |
£64.95 ; € 91.95 ; $106.95 |
| 020 ## - INTERNATIONAL STANDARD BOOK NUMBER |
| International Standard Book Number |
184950363X (electronic bk.) : |
| Terms of availability |
£64.95 ; € 91.95 ; $106.95 |
| 020 ## - INTERNATIONAL STANDARD BOOK NUMBER |
| Canceled/invalid ISBN |
076231236X (hbk.) |
| 040 ## - CATALOGING SOURCE |
| Original cataloging agency |
N$T |
| Language of cataloging |
eng |
| Transcribing agency |
N$T |
| Modifying agency |
YDXCP |
| -- |
OCLCQ |
| -- |
OCLCG |
| -- |
OCLCQ |
| -- |
MERUC |
| -- |
UBY |
| -- |
ZJC |
| 050 #4 - LIBRARY OF CONGRESS CALL NUMBER |
| Classification number |
JA76 |
| Item number |
.S65 2005 |
| 072 #7 - SUBJECT CATEGORY CODE |
| Subject category code |
JHBA |
| Source |
bicssc |
| 072 #7 - SUBJECT CATEGORY CODE |
| Subject category code |
SOC026000 |
| Source |
bisacsh |
| 080 ## - UNIVERSAL DECIMAL CLASSIFICATION NUMBER |
| Universal Decimal Classification number |
316 |
| 082 04 - DEWEY DECIMAL CLASSIFICATION NUMBER |
| Classification number |
306.2 |
| Edition number |
22 |
| 245 00 - TITLE STATEMENT |
| Title |
Social theory as politics in knowledge |
| Medium |
[electronic resource] / |
| Statement of responsibility, etc. |
edited by Jennifer M. Lehmann. |
| 260 ## - PUBLICATION, DISTRIBUTION, ETC. |
| Place of publication, distribution, etc. |
Amsterdam ; |
| -- |
Boston : |
| Name of publisher, distributor, etc. |
JAI, |
| Date of publication, distribution, etc. |
2005. |
| 300 ## - PHYSICAL DESCRIPTION |
| Extent |
1 online resource (xv, 356 p.) |
| 490 1# - SERIES STATEMENT |
| Series statement |
Current perspectives in social theory, |
| International Standard Serial Number |
027801204 ; |
| Volume/sequential designation |
v. 23 |
| 504 ## - BIBLIOGRAPHY, ETC. NOTE |
| Bibliography, etc. note |
Includes bibliographical references. |
| 520 ## - SUMMARY, ETC. |
| Summary, etc. |
This volume discusses, and manifests, three interrelated perspectives in social theory. First, that all knowledge, including scientific knowledge, is theoretical: there are alternative perspectives, or theories, about any phenomenon. Second, that all knowledge, including scientific knowledge is political: these alternative perspectives are contested, as they are related to different groups with different interests. Third, that all knowledge, including scientific knowledge, is social: alternative perspectives have alternative social causes and alternative social effects. |
| 588 ## - SOURCE OF DESCRIPTION NOTE |
| Source of description note |
Description based on print version record. |
| 650 #0 - SUBJECT ADDED ENTRY--TOPICAL TERM |
| Topical term or geographic name entry element |
Political sociology. |
| 650 #0 - SUBJECT ADDED ENTRY--TOPICAL TERM |
| Topical term or geographic name entry element |
Sociology |
| General subdivision |
Philosophy. |
| 650 #7 - SUBJECT ADDED ENTRY--TOPICAL TERM |
| Topical term or geographic name entry element |
Social theory. |
| Source of heading or term |
bicssc |
| 650 #7 - SUBJECT ADDED ENTRY--TOPICAL TERM |
| Topical term or geographic name entry element |
Social Science |
| General subdivision |
Sociology |
| -- |
General. |
| Source of heading or term |
bisacsh |
| 700 1# - ADDED ENTRY--PERSONAL NAME |
| Personal name |
Lehmann, Jennifer M., |
| Dates associated with a name |
1956- |
| 776 08 - ADDITIONAL PHYSICAL FORM ENTRY |
| Relationship information |
Print version: |
| Title |
Social theory as politics in knowledge. |
| Place, publisher, and date of publication |
Amsterdam ; Boston : JAI, 2005 |
| International Standard Book Number |
076231236X |
| Record control number |
(OCoLC)62347342 |
| 830 #0 - SERIES ADDED ENTRY--UNIFORM TITLE |
| Uniform title |
Current perspectives in social theory ; |
| Volume/sequential designation |
v. 23. |
| 856 40 - ELECTRONIC LOCATION AND ACCESS |
| Uniform Resource Identifier |
<a href="https://www.emerald.com/insight/publication/doi/10.1016/S0278-1204(2005)23">https://www.emerald.com/insight/publication/doi/10.1016/S0278-1204(2005)23</a> |
| 913 ## - |
| -- |
SSbacklist |